|
|
|
|
| LEADER |
00000nas a2200000 a 4500 |
| 001 |
ssj0066292 |
| 003 |
WaSeSS |
| 005 |
20200512172242.0 |
| 006 |
m d |
| 007 |
cr n |
| 008 |
060630c20089999enkbx pss 0 a0eng c |
| 010 |
|
|
|a 2010268502
|
| 015 |
|
|
|a GBB241252
|2 bnb
|
| 016 |
7 |
|
|a 014629094
|2 Uk
|
| 016 |
7 |
|
|a 2425114-8
|2 DE-600
|
| 016 |
7 |
|
|a 013705643
|2 Uk
|
| 022 |
|
|
|a 1754-2421
|l 1754-2413
|y 1754-2413
|
| 035 |
|
|
|a (WaSeSS)ssj0066292
|
| 040 |
|
|
|a Nz
|b eng
|e pn
|c UX0
|d SERSO
|d OCLCQ
|d UKMGB
|d OCLCQ
|d AU@
|d BEDGE
|d OCLCF
|d OCLCQ
|d DLC
|d NTE
|d HEBIS
|d CEF
|d LND
|d WEA
|d NLE
|d SFB
|d WaSeSS
|
| 042 |
|
|
|a pcc
|
| 050 |
0 |
0 |
|a HD6054.3
|
| 130 |
0 |
|
|a Gender in management (Online)
|
| 222 |
|
0 |
|a Gender in management
|b (Online)
|
| 245 |
1 |
0 |
|a Gender in management
|h [electronic resource].
|
| 260 |
|
|
|a Bingley, U.K. :
|b Emerald Group Publishing,
|c 2008-
|
| 310 |
|
|
|a 8 no. a year
|
| 362 |
1 |
|
|a Began with Vol. 23, issue 1 (2008).
|
| 500 |
|
|
|a Some issues are called special issues and also have a unique title.
|
| 506 |
|
|
|a License restrictions may limit access.
|
| 515 |
|
|
|a Some issues combined.
|
| 588 |
|
|
|a Description based on: Vol. 23, issue 1 (2008); title from table of contents page (publisher's Web site, viewed Jul. 20, 2009).
|
| 588 |
|
|
|a Latest issue consulted: Vol. 31, issue 8 (2016) (Emerald Insight website, viewed Dec. 2, 2016).
|
| 650 |
|
0 |
|a Women executives
|v Periodicals.
|
| 650 |
|
7 |
|a Publications périodiques.
|2 eclas
|
| 650 |
|
7 |
|a Genre.
|2 eclas
|
| 650 |
|
7 |
|a Egalité des chances.
|2 eclas
|
| 650 |
|
7 |
|a Cadres supérieurs.
|2 eclas
|
| 650 |
|
7 |
|a Gestion d'entreprises.
|2 eclas
|
| 650 |
|
7 |
|a Women executives.
|2 fast
|0 (OCoLC)fst01177651
|
| 655 |
|
0 |
|a Electronic journals.
|
| 776 |
0 |
8 |
|i Print version:
|t Gender in management
|x 1754-2413
|w (OCoLC)266972937
|
| 780 |
0 |
0 |
|t Women in management review (Bradford, West Yorkshire, England : 1992 : Online)
|x 1758-7182
|w (DLC) 00253679
|w (OCoLC)41477221
|
| 850 |
|
|
|a DLC
|
| 856 |
4 |
0 |
|z Full text available from Research Library: 10/01/2008 to 1 year ago
|u https://search.proquest.com/publication/39714
|